[Instructions for salutes from guards in charge of prisoner work details].

Bibliographic Details
Format: Government Document eBook
Language:English
Published: [Washington] : The Department, 1876.
Subjects:
Online Access:Connect to the full text of this electronic document

MARC

Tag First Indicator Second Indicator Subfields
LEADER 00000cam a22000001a 4500
001 in00003626331
005 20190408170912.0
006 m o d f
007 cr bn mmmapmmp
008 141128s1876 dcu o f000 0 eng d
035 |a ebd1909212535 
040 |a UMI  |c UMI  |d UtOrBLW 
086 0 |a W 66.4/[1]:876/no.7 
099 |a W6604a-8.7 
245 0 0 |a [Instructions for salutes from guards in charge of prisoner work details]. 
264 1 |a [Washington] :  |b The Department,  |c 1876. 
300 |a 1 online resource (1 pages) 
336 |a text  |b txt  |2 rdacontent 
337 |a computer  |b c  |2 rdamedia 
338 |a online resource  |b cr  |2 rdacarrier 
533 |a Electronic reproduction.  |b [Bethesda, Md.] :  |c ProQuest,  |d 2014.  |e digital, PDF file.  |n ProQuest U.S. Executive Branch Documents  |n Mode of access: World Wide Web via ProQuest website. 
588 |a Record is based on online resource; title from PDF title page (ProQuest, last viewed Nov. 2014). Reuse except for individual research requires license from ProQuest, LLC. 
500 |a Electronic resource. 
650 0 |a Guard duty.  |0 http://id.loc.gov/authorities/subjects/sh85057612 
650 0 |a Military prisons.  |0 http://id.loc.gov/authorities/subjects/sh85107017 
655 7 |a Electronic books.  |2 local 
856 4 0 |u http://proxy.library.tamu.edu/login?url=http://congressional.proquest.com/congressional/docview/t66.d71.w6604a-8.7  |z Connect to the full text of this electronic document  |t 0 
999 f f |s a7ef1a1a-59c9-380b-b883-987b13ac37e8  |i 5f3d89a4-b46b-38e1-a1d1-c1781976a6b5  |t 0 
952 f f |a Texas A&M University  |b College Station  |c Electronic Resources  |d Available Online  |t 0  |h No information provided 
998 f f |t 0  |l Available Online